Statistiques concernant Culture Générale - Série 130

Cliquez ici pour prendre le quiz!

Statistiques générales

  • Ce quiz a été pris 292 fois
  • Le résultat moyen est 5 sur 10

Statistiques - réponses

QuestionRéponse% Correct
Quelle est la couleur du chien Cubitus dans la bande dessinée du même nom ?Blanc
83%
A quel poète doit-on "Le Dormeur du val" ?Arthur Rimbaud
70%
Dans quel art s'illustre Tahar Ben Jelloun ?Littérature
54%
De quel sport Damon Hill fut-il champion du monde en 1996 ?Formule 1
52%
Au tarot, quelle carte rapporte un bonus si elle est "menée au bout" ?Le petit
52%
Quelle pâte alimentaire fourrée au fromage est une spécialité de Romans ?Raviole
41%
Quel "Inconnu" est troublé par Charles Berling dans "L'Homme de sa vie" ?Bernard Campan
30%
Quelle musique a été popularisée par le talent de Carlos Gardel ?Tango
28%
A quel réalisateur doit-on "Le Péril jeune", en 1995 ?Cédric Klapisch
24%
A quel groupe doit-on le tube "One Step Beyond", en 1979 ?Madness
24%

Distribution des résultats

Percentile par nombre de réponses

% des personnes avec chaque résultat

Votre développement - résultats

Vous n’avez pas pris ce quiz